Los otros también cuentan elementos para la recuperación colectiva de la historia
保存先:
| 第一著者: | |
|---|---|
| その他の著者: | , |
| フォーマット: | 図書 |
| 言語: | Spanish |
| 出版事項: |
Bogotá, CK
Dimensión Educativa
1992
|
| 版: | 2 da. edición |
| シリーズ: | Serie Educación Popular. Alternativas Pedagógicas
|
| 主題: | |
| タグ: |
タグ追加
タグなし, このレコードへの初めてのタグを付けませんか!
|
MARC
| LEADER | 00000nam a22000007a 4500 | ||
|---|---|---|---|
| 003 | cru CIDCACS/IIS | ||
| 005 | 20200925161226.0 | ||
| 008 | 170224b1992 ck oa||| |||| |0| ||spa | | ||
| 040 | |c CRAI/IIS |a CRAI/IIS | ||
| 090 | |a 00.00.00 A000o | ||
| 100 | 1 | |9 3134 |a Torres C., Alfonso | |
| 245 | 1 | 4 | |a Los otros también cuentan |b elementos para la recuperación colectiva de la historia |c Alfonso Torres C; Lola Cendales G.; Peresson T., Mario |
| 250 | |a 2 da. edición | ||
| 260 | |a Bogotá, CK |b Dimensión Educativa |c 1992 | ||
| 300 | |a 170 páginas | ||
| 440 | |9 3135 |a Serie Educación Popular. Alternativas Pedagógicas | ||
| 500 | |a Colección Alforja | ||
| 650 | 1 | 0 | |a HISTORIA SOCIAL |9 625 |
| 650 | 1 | 0 | |a CULTURA |9 126 |
| 650 | 1 | 0 | |a MARXISMO |9 236 |
| 650 | 1 | 0 | |a HISTORIOGRAFIA |9 3136 |
| 650 | 1 | 0 | |a IDEOLOGIAS |9 1428 |
| 650 | 1 | 0 | |9 26 |a SOCIEDAD |
| 650 | 1 | 7 | |9 3137 |a ELITE |
| 700 | 1 | |9 3138 |a Cendales G., Lola | |
| 700 | 1 | |9 3139 |a Peresson T, Mario | |
| 942 | |2 ddc |c LI | ||
| 999 | |c 18934 |d 18934 | ||
